[Event "Challenge"]
[Site "http://www.queenalice.com/game.php?id=661259"]
[Date "2009.10.1"]
[Round "-"]
[White "gordo130771"]
[Black "justeldiablo"]
[Result "0-1"]
[WhiteElo "1648"]
[BlackElo "1974"]

1. e3 e5 2. Nc3 a6 3. Nf3 Nc6 4. Bc4 Nf6 5. Ng5 Nd5 6. Nxd5 Qxg5 7. g3 Qd8 8.
O-O Ne7 9. d4 b5 10. b3 bxc4 11. bxc4 e4 12. Bd2 d6 13. Ba5 Nxd5 14. cxd5 Be7
15. f3 Bf5 16. c3 O-O 17. Qc2 Bh3 18. Rf2 f5 19. Rb1 Qc8 0-1

[Event "Challenge"]
[Site "http://www.queenalice.com/game.php?id=683020"]
[Date "2009.11.14"]
[Round "-"]
[White "thedead"]
[Black "gordo130771"]
[Result "1-0"]
[WhiteElo "1541"]
[BlackElo "1636"]

1. e4 e5 2. Nf3 Nc6 3. d3 Be7 4. Be2 b6 5. O-O Bb7 6. Re1 Bf6 7. Nbd2 Nh6 8. Nf1
Nd4 9. Ng3 Qe7 10. Bf1 Qc5 11. c3 Nxf3+ 12. Qxf3 O-O 13. Bxh6 d5 14. Nh5 gxh6
15. Qxf6 dxe4 16. Qg7# 1-0

[Event "AUTO-OPEN-1777"]
[Site "http://www.queenalice.com/game.php?id=689549"]
[Date "2009.11.27"]
[Round "1"]
[White "Wilson"]
[Black "gordo130771"]
[Result "0-1"]
[WhiteElo "1670"]
[BlackElo "1616"]

1. d4 Nf6 2. c4 e6 3. Nc3 c6 4. e4 d5 5. e5 Ne4 6. Qe2 Bb4 7. Bd2 Nxd2 8. Qxd2
O-O 9. a3 Ba5 10. b4 Bc7 11. Nf3 f6 12. Bd3 fxe5 13. O-O e4 14. Nxe4 dxe4 15.
Bxe4 Bf4 16. Qa2 Nd7 17. c5 Nf6 18. Bd3 Ng4 19. g3 Nxh2 20. Nxh2 Qxd4 21. Rad1
g6 22. Nf3 Qf6 23. Bc4 Kh8 24. Rd3 e5 25. Rd6 Qf5 26. Kg2 Qh5 27. Ng1 Bf5 28.
Be2 Be4+ 29. f3 Qg5 30. fxe4 Qxg3+ 31. Kh1 Qh2# 0-1

[Event "AUTO-OPEN-1777"]
[Site "http://www.queenalice.com/game.php?id=689550"]
[Date "2009.11.27"]
[Round "1"]
[White "gordo130771"]
[Black "Wilson"]
[Result "1-0"]
[WhiteElo "1634"]
[BlackElo "1652"]

1. d3 d5 2. Nf3 c6 3. b3 h6 4. g3 e6 5. Bg2 Nd7 6. O-O Bd6 7. e4 Ngf6 8. Re1 O-O
9. e5 Nxe5 10. Nxe5 a6 11. Bb2 c5 12. Ng4 e5 13. Nxe5 d4 14. c3 Rb8 15. cxd4 Qc7
16. Nd2 Be6 17. Ndc4 b5 18. Na5 Qxa5 19. Nc6 Qb6 20. Nxb8 Bxb8 21. b4 cxb4 22.
Rc1 Bd6 23. Rc6 Qxc6 24. Bxc6 Bxa2 25. d5 Nxd5 26. Qg4 Nf6 27. Bxf6 g5 28. Re8
Be6 29. Qd4 Bc7 30. Rxf8+ Kxf8 31. Qa7 Bd8 32. Qb8 Kg8 33. Qxd8+ Kh7 34. Be4+
1-0

[Event "AUTO-OPEN-1777"]
[Site "http://www.queenalice.com/game.php?id=689566"]
[Date "2009.11.27"]
[Round "1"]
[White "Akran"]
[Black "gordo130771"]
[Result "0-1"]
[WhiteElo "1213"]
[BlackElo "1636"]

1. Nf3 e6 2. c4 Be7 3. a3 Nc6 4. Nc3 Nh6 5. d4 Nf5 6. e3 O-O 7. Bd3 g6 8. O-O d5
9. Ne5 Bf6 10. Nf3 dxc4 0-1

[Event "AUTO-INT-1365"]
[Site "http://www.queenalice.com/game.php?id=689821"]
[Date "2009.11.28"]
[Round "2"]
[White "Ninho"]
[Black "gordo130771"]
[Result "1-0"]
[WhiteElo "1929"]
[BlackElo "1615"]

1. e4 e6 2. Nf3 Nc6 3. d4 g6 4. Be2 d5 5. e5 a5 6. O-O Bg7 7. c3 Bh6 8. Bxh6
Nxh6 9. Qd2 b6 10. Qxh6 Ne7 11. Bd3 Nf5 12. Bxf5 exf5 13. Nbd2 Be6 14. Ng5 Qe7
15. Nxe6 Qxe6 16. Nf3 O-O-O 17. Rfe1 Qc6 18. Re2 Qc4 19. Kf1 Rde8 20. Nd2 Qd3
21. Qe3 Qb5 22. b3 f6 23. c4 dxc4 24. Nxc4 Kb8 25. f4 h5 26. Rae1 h4 27. Qf3 g5
28. fxg5 fxg5 29. Kg1 g4 30. Qxf5 g3 31. h3 Qd5 32. Qe4 Qb5 33. Re3 a4 34. d5
Qd7 35. b4 Qb5 36. a3 Rh5 37. Qd4 Ka7 38. d6 Rh7 39. d7 Rd8 40. e6 Re7 41. Qxh4
Rdxd7 42. exd7 Rxd7 43. Rxg3 Qc6 44. Ne5 Qd6 45. Nxd7 Qxd7 46. Rge3 Qc6 47. Qh8
Ka6 48. Qh7 Qc4 49. Qd3 Qxd3 50. Rxd3 Kb5 51. Rc1 c6 52. h4 Ka6 53. Rxc6 Kb5 54.
Rdc3 Ka6 55. Rg6 Kb5 56. Rc8 Ka6 57. Rg5 Kb7 58. Rc4 Ka7 59. b5 Kb7 60. Rg8 Ka7
61. Rc7# 1-0

[Event "AUTO-INT-1365"]
[Site "http://www.queenalice.com/game.php?id=689822"]
[Date "2009.11.28"]
[Round "2"]
[White "gordo130771"]
[Black "Ninho"]
[Result "0-1"]
[WhiteElo "1622"]
[BlackElo "1958"]

1. d4 Nf6 2. Nc3 g6 3. g3 Bg7 4. e4 O-O 5. e5 Ne8 6. Bc4 c6 7. Nf3 d5 8. Bd3 Nc7
9. O-O Ne6 10. Ng5 f6 11. Nxe6 Bxe6 12. Re1 fxe5 13. dxe5 Nd7 14. Ne2 Nxe5 15.
Nd4 Bg4 16. Be2 Bxe2 17. Rxe2 Qd7 18. Bf4 c5 19. Bxe5 Bxe5 20. Rxe5 cxd4 21.
Qxd4 e6 22. c4 Qf7 23. Rf1 dxc4 24. Qxc4 Rae8 25. b4 Re7 26. a3 Rfe8 27. Kg2 a6
28. b5 axb5 29. Qc5 Rf8 30. Qxb5 Qf3+ 31. Kg1 Qxa3 32. Ree1 Qa6 33. Qg5 Ref7 34.
h4 Rf6 35. h5 Qb6 36. h6 Rxf2 37. Kh1 Rxf1+ 38. Rxf1 Rxf1+ 39. Kh2 Qg1+ 40. Kh3
Qh1+ 41. Kg4 Qe4+ 42. Kh3 Rh1# 0-1

[Event "AUTO-INT-1365"]
[Site "http://www.queenalice.com/game.php?id=689825"]
[Date "2009.11.28"]
[Round "2"]
[White "jpolgar99"]
[Black "gordo130771"]
[Result "1-0"]
[WhiteElo "1858"]
[BlackElo "1640"]

1. e4 e6 2. d4 g6 3. Nf3 Bg7 4. Be3 c6 5. Bc4 b5 6. Bd3 Na6 7. a3 d5 8. O-O Bh6
9. Bxh6 Nxh6 10. h3 O-O 11. Nbd2 f5 12. exf5 exf5 13. Ne5 Bb7 14. Qf3 Ng4 15.
hxg4 fxg4 16. Qxg4 Bc8 17. Qg3 Bf5 18. Bxf5 Rxf5 19. Nxg6 Qf6 20. Ne7+ Kh8 21.
Nxf5 Qxf5 22. Qd3 Qh5 23. Qf3 Qg6 24. Qd3 Qg7 25. g3 Rg8 26. Kg2 h6 27. Rh1 Nc7
28. Nf3 Ne6 29. Rh4 a6 30. Rah1 Nf4+ 31. Rxf4 a5 32. Rfh4 a4 33. Rxh6+ Qxh6 34.
Rxh6+ Kg7 35. Rg6+ Kh8 36. Rxg8+ Kxg8 37. Qg6+ Kf8 38. Qxc6 Kf7 39. Qxd5+ Kf6
40. Qxb5 Kg6 41. d5 Kf7 42. d6 Ke6 43. Qc6 Kf6 44. d7+ Kf5 45. d8=Q Kg4 46. Qg5#
1-0

[Event "AUTO-INT-1365"]
[Site "http://www.queenalice.com/game.php?id=689826"]
[Date "2009.11.28"]
[Round "2"]
[White "gordo130771"]
[Black "jpolgar99"]
[Result "0-1"]
[WhiteElo "1629"]
[BlackElo "1858"]

1. d3 d5 2. Nf3 Nc6 3. g3 Bg4 4. Bg2 Nf6 5. O-O e6 6. Nbd2 Be7 7. c4 dxc4 8.
Nxc4 O-O 9. Nfe5 Nxe5 10. Nxe5 Bf5 11. Bxb7 Qd6 12. Nc4 Qd4 13. Be3 Qd8 14. Qc2
Rb8 15. Na5 c5 16. Bxc5 Qxa5 17. Bxe7 Rfe8 18. b4 Qb6 19. Bxf6 Qxb7 20. Be5 Bh3
21. f3 Rbc8 22. Qd2 Bxf1 23. Rxf1 Rc6 24. Qg5 g6 25. Qf6 Kf8 26. Qg7+ Ke7 27.
Bf6+ Kd6 28. Be5+ Kd7 29. Qxf7+ Re7 30. Qg8 Rc8 31. Qxc8+ Qxc8 32. Rd1 Qc2 33.
Re1 Qxa2 34. Rc1 Qxe2 35. d4 Qe3+ 36. Kg2 Qxc1 37. b5 Qd2+ 38. Kh3 Rf7 39. f4
Rf5 40. Kg4 Rxe5 41. dxe5 Qxh2 42. Kf3 Qb2 43. Kg4 Qxb5 44. Kg5 a5 45. Kf6 a4
46. Kg7 a3 47. Kxh7 a2 48. Kxg6 a1=Q 49. Kf6 Qh1 50. Kg5 Kc7 51. Kf6 Qe8 52. Kg5
Qhh5+ 53. Kf6 Qhg6# 0-1

[Event "AUTO-INT-1365"]
[Site "http://www.queenalice.com/game.php?id=689827"]
[Date "2009.11.28"]
[Round "2"]
[White "pallibrandt"]
[Black "gordo130771"]
[Result "1-0"]
[WhiteElo "1944"]
[BlackElo "1633"]

1. d4 Nf6 2. c4 e6 3. Nc3 c5 4. Nf3 b6 5. d5 exd5 6. cxd5 Bb7 7. Bg5 Be7 8. d6
Bxd6 9. e4 Nc6 10. Qxd6 Ne7 11. Nb5 O-O 12. Bxf6 gxf6 13. Qxf6 Bxe4 14. Nd6 Nd5
15. Qxd8 Raxd8 16. Nxe4 Rde8 17. Bd3 Nb4 18. Kd2 d5 19. Nf6+ Kh8 20. Nxe8 Rxe8
21. Rhe1 Rg8 22. g3 c4 23. Bc2 Rg4 24. Ne5 Rg5 25. Nxf7+ Kg8 26. Nxg5 Kg7 27.
Nxh7 Kh6 28. Nf6 Kg7 29. Nd7 Kf7 30. a3 Nc6 31. Ne5+ Kf6 32. Nxc6 Kg7 33. Re5
Kf6 34. Rae1 Kg7 35. Rxd5 Kf6 36. Re4 Kf7 37. Rf5+ Kg6 38. Rg4+ Kh6 39. Rf8 Kh5
40. Ne5 Kh6 41. Rh8# 1-0

[Event "AUTO-INT-1365"]
[Site "http://www.queenalice.com/game.php?id=689828"]
[Date "2009.11.28"]
[Round "2"]
[White "gordo130771"]
[Black "pallibrandt"]
[Result "0-1"]
[WhiteElo "1619"]
[BlackElo "1930"]

1. d3 Nf6 2. e4 e5 3. b3 Nc6 4. a3 Be7 5. Bb2 O-O 6. Nf3 d5 7. Be2 dxe4 8. Nxe5
Nxe5 9. Nd2 Nc6 10. O-O exd3 11. cxd3 Be6 12. d4 Bd5 13. g3 Qd7 14. Bd3 Qh3 15.
f3 Ng4 16. Qe2 Nf6 17. Ne4 Nxe4 18. fxe4 Bxb3 19. d5 Na5 20. Rfc1 b6 21. Rxc7
Bc5+ 22. Kh1 Bd6 23. Rcc1 Bxg3 24. Rg1 Qxh2+ 25. Qxh2 Bxh2 26. Rxg7+ Kh8 27.
Rg2+ f6 28. Rxh2 Bc4 29. e5 Bxd3 30. exf6 Rf7 31. Re1 Nc4 32. Re7 Raf8 33. a4
Rxe7 34. fxe7+ Kg8 35. exf8=Q+ Kxf8 36. Rf2+ Ke7 37. Rf6 Nxb2 38. Rf3 Be4 39.
Kg2 Nxa4 40. Kg3 Bxf3 41. Kxf3 Nc3 42. Ke3 Nxd5+ 43. Kd4 Nf6 44. Ke5 a5 45. Kf5
a4 46. Kg5 a3 47. Kf5 a2 48. Ke5 a1=Q+ 49. Kf5 Qd4 50. Kg5 Qg4+ 51. Kh6 Qg6# 0-1

[Event "Challenge"]
[Site "http://www.queenalice.com/game.php?id=690697"]
[Date "2009.11.30"]
[Round "-"]
[White "WILSONCSQ"]
[Black "gordo130771"]
[Result "0-1"]
[WhiteElo "1667"]
[BlackElo "1612"]

1. e4 e6 2. Nc3 Nc6 3. Nf3 Be7 4. Be2 Nh6 5. b3 d5 6. Bb2 d4 7. Nb5 Bf6 8. e5
Nxe5 9. d3 a6 10. Na3 O-O 11. Nc4 Nhg4 12. h3 Ne3 13. fxe3 c5 14. exd4 Nxf3+ 15.
Bxf3 Re8 16. O-O cxd4 17. Bc1 e5 18. Be4 g6 19. Qf3 Rb8 20. Bh6 b5 21. Na3 b4
22. Nc4 a5 23. Nxa5 Bd7 24. Bc6 Rc8 25. Bxd7 Qe7 26. Bxe8 Rxe8 27. Nc6 Qe6 28.
Rae1 Ra8 29. Nxd4 Qa6 30. Rxe5 Rd8 31. h4 Qd6 32. Rd5 Bxd4+ 33. Kh1 Qxd5 34. Qf4
Be5 35. Qf2 Bg7 36. Bd2 Bd4 37. Qf4 Be5 38. Qh6 Qd4 39. Be3 Qd6 40. Re1 Bg7 41.
Qg5 Re8 42. Rf1 Bd4 43. Bxd4 Qxd4 44. Qb5 Qxh4+ 45. Kg1 Rf8 46. Qa5 Qd4+ 47. Kh1
Qh4+ 48. Kg1 Qd4+ 49. Kh1 f5 50. Re1 Qh4+ 0-1

[Event "AUTO-ADV-1697"]
[Site "http://www.queenalice.com/game.php?id=749258"]
[Date "2010.3.21"]
[Round "1"]
[White "Uragano"]
[Black "gordo130771"]
[Result "1-0"]
[WhiteElo "1966"]
[BlackElo "1633"]

1. e4 Nc6 2. Nf3 e6 3. d3 g6 4. g3 Bg7 5. Bg2 Nge7 6. Bg5 O-O 7. Nbd2 f6 8. Be3
d5 9. O-O dxe4 10. Nxe4 b5 11. Qd2 Nf5 12. Bc5 Re8 13. Rfe1 a5 14. Re2 Ne5 15.
Nxe5 fxe5 16. Nf6+ Qxf6 17. Bxa8 Bd7 18. Be4 Bh6 19. Qxa5 c6 20. Qc7 Rd8 21.
Bxc6 Bxc6 22. Qxc6 Ne7 23. Bxe7 Qxe7 24. Qxb5 Rd5 25. Qb8+ Bf8 26. Rae1 Rd8 27.
Qxe5 Rd6 28. h4 Bg7 29. Qb5 Rd5 30. Qxd5 Kh8 31. Rxe6 Qb4 32. Qd8+ 1-0

[Event "AUTO-ADV-1697"]
[Site "http://www.queenalice.com/game.php?id=749259"]
[Date "2010.3.21"]
[Round "1"]
[White "gordo130771"]
[Black "Uragano"]
[Result "0-1"]
[WhiteElo "1636"]
[BlackElo "1963"]

1. Nf3 Nf6 2. Nc3 Nc6 3. d4 d5 4. g3 Bg4 5. Bg2 e6 6. O-O Be7 7. a3 O-O 8. Ne5
Nxe5 9. dxe5 Nd7 10. Qd4 Bf5 11. e4 dxe4 12. Nxe4 c6 13. b4 Nb6 14. Qc3 Qc7 15.
Bf4 Nd5 16. Qf3 Rad8 17. Nf6+ gxf6 18. exf6 Bd6 19. Bh6 Rfe8 20. Qh5 Bg6 21. Qg5
Bf8 22. Be4 Bxh6 23. Qxh6 Nxf6 24. Bxg6 fxg6 25. Rae1 Rd2 26. Qxd2 Nd5 27. f4
Qb6+ 28. Kh1 a5 29. bxa5 Qa7 0-1

[Event "AUTO-ADV-1697"]
[Site "http://www.queenalice.com/game.php?id=749274"]
[Date "2010.3.21"]
[Round "1"]
[White "elmo"]
[Black "gordo130771"]
[Result "1-0"]
[WhiteElo "1903"]
[BlackElo "1654"]

1. e4 e5 2. Nf3 Nc6 3. Bc4 Be7 4. d4 Bf6 5. d5 Nce7 6. d6 cxd6 7. Qxd6 Ng6 8.
Nc3 N8e7 9. Bg5 Nf4 10. Bxf6 gxf6 11. Qxf6 Rf8 12. Nxe5 Ne6 13. O-O-O a6 14. Rd2
b5 15. Bb3 Rb8 16. Rhd1 Nc5 17. Bxf7+ Rxf7 18. Qxf7# 1-0

[Event "AUTO-ADV-1697"]
[Site "http://www.queenalice.com/game.php?id=749275"]
[Date "2010.3.21"]
[Round "1"]
[White "gordo130771"]
[Black "elmo"]
[Result "0-1"]
[WhiteElo "1648"]
[BlackElo "1936"]

1. Nf3 Nc6 2. e3 e5 3. Nc3 d5 4. Bb5 Bg4 5. Be2 Nf6 6. O-O Bd6 7. d4 e4 8. Nd2
Bxe2 9. Qxe2 O-O 10. a3 a6 11. f3 exf3 12. Nxf3 Re8 13. Qf2 Ne7 14. e4 dxe4 15.
Ng5 Rf8 16. Be3 Bxh2+ 17. Kh1 Qd6 18. Ncxe4 Nxe4 19. Nxe4 Qg6 20. Nc5 Bd6 21.
Nd7 Qh5+ 22. Kg1 Qh2# 0-1

[Event "AUTO-ADV-1697"]
[Site "http://www.queenalice.com/game.php?id=749284"]
[Date "2010.3.21"]
[Round "1"]
[White "jpzenitram"]
[Black "gordo130771"]
[Result "1-0"]
[WhiteElo "1947"]
[BlackElo "1658"]

1. c4 b6 2. Nc3 Bb7 3. e4 Nf6 4. Bd3 e5 5. Nf3 d6 6. O-O Nbd7 7. Re1 g6 8. b3
Nc5 9. Bc2 Bh6 10. d4 exd4 11. Nxd4 Bxc1 12. Qxc1 O-O 13. Qf4 Nh5 14. Qg4 Bc8
15. Qf3 Bb7 16. Qe3 c6 17. Nf3 Ne6 18. Rad1 d5 19. cxd5 cxd5 20. exd5 Nc5 21. d6
a6 22. Ne5 Nf6 23. Qh6 Be4 24. Nxe4 Nfxe4 25. Bxe4 Nxe4 26. Rxe4 f5 27. Rh4 Rf7
28. Nxf7 Kxf7 29. Qxh7+ Kf6 30. d7 Qf8 31. Rhd4 Rd8 32. Rd6+ Ke5 33. R1d5+ Kf4
34. Qh4# 1-0

[Event "AUTO-ADV-1697"]
[Site "http://www.queenalice.com/game.php?id=749285"]
[Date "2010.3.21"]
[Round "1"]
[White "gordo130771"]
[Black "jpzenitram"]
[Result "1-0"]
[WhiteElo "1630"]
[BlackElo "1942"]

1. Nf3 g6 2. e4 d6 3. Nc3 Nf6 4. Bc4 Bg7 5. O-O Nc6 6. Re1 b6 7. a3 Bb7 8. d4 e6
9. d5 Na5 10. Bb5+ c6 11. Bd3 e5 12. b4 cxd5 13. bxa5 dxe4 14. Bb5+ Nd7 15. a6
Bxa6 16. Ng5 O-O 17. Bxa6 Bh6 18. Ncxe4 Bxg5 19. Bxg5 Qc7 20. Bh6 Rfe8 21. Qf3
f5 22. Qb3+ Kh8 23. Qf7 Rg8 24. Nf6 Rad8 25. Qxh7# 1-0

[Event "AUTO-OPEN-1777"]
[Site "http://www.queenalice.com/game.php?id=770999"]
[Date "2010.5.5"]
[Round "2"]
[White "GMcruz"]
[Black "gordo130771"]
[Result "1-0"]
[WhiteElo "2015"]
[BlackElo "1638"]

1. d4 Nf6 2. c4 e6 3. Nf3 Be7 4. g3 O-O 5. Bg2 c5 6. O-O d5 7. cxd5 exd5 8. Nc3
a6 9. dxc5 Bxc5 10. Bg5 Nc6 11. Bxf6 Qxf6 12. Qxd5 b6 13. Rfd1 1-0

[Event "AUTO-OPEN-1777"]
[Site "http://www.queenalice.com/game.php?id=771000"]
[Date "2010.5.5"]
[Round "2"]
[White "gordo130771"]
[Black "GMcruz"]
[Result "0-1"]
[WhiteElo "1640"]
[BlackElo "2013"]

1. e3 c5 2. Nc3 Nf6 3. Bc4 d5 4. Bb3 Nc6 5. Nf3 Bg4 6. O-O e6 7. g3 Be7 8. d4
O-O 9. Re1 a6 10. e4 dxe4 11. Nxe4 Nxd4 12. Kf1 Bxf3 13. Qd3 Bxe4 0-1

[Event "AUTO-OPEN-1777"]
[Site "http://www.queenalice.com/game.php?id=771005"]
[Date "2010.5.5"]
[Round "2"]
[White "gordo130771"]
[Black "gmvilela"]
[Result "0-1"]
[WhiteElo "1642"]
[BlackElo "2123"]

1. e3 d5 2. Nf3 Nf6 3. Be2 c5 4. O-O Nc6 5. b3 e5 6. d4 e4 7. Ne5 Bd6 8. c4 Nxe5
9. Bb2 Neg4 10. dxc5 Bb8 0-1

[Event "AUTO-OPEN-1777"]
[Site "http://www.queenalice.com/game.php?id=771006"]
[Date "2010.5.5"]
[Round "2"]
[White "gmvilela"]
[Black "gordo130771"]
[Result "1-0"]
[WhiteElo "2122"]
[BlackElo "1644"]

1. e4 e6 2. d4 Nc6 3. c4 Bb4+ 4. Nc3 Nf6 5. f3 O-O 6. Be3 d5 7. e5 Nd7 8. Bd3 f6
9. f4 fxe5 10. cxd5 exd4 11. dxc6 1-0